National Assembly Library of Thailand

การวิเคราะห์ต้นทุนในการพัฒนาระบบสุขภาพ = (ระเบียนเลขที่ 95576)

รายละเอียดในรูปแบบ MARC
000 -LEADER
fixed length control field 01177 a2200229 4500
005 - DATE AND TIME OF LATEST TRANSACTION
control field 20240102160048.0
008 - FIXED-LENGTH DATA ELEMENTS--GENERAL INFORMATION
fixed length control field 190130b th ||||| |||| 00| 0 tha d
020 ## - INTERNATIONAL STANDARD BOOK NUMBER
International Standard Book Number 9786164689589
040 ## - CATALOGING SOURCE
Original cataloging agency NALT
050 ## - LIBRARY OF CONGRESS CALL NUMBER
Classification number RA 410.55.T5
Item number อ619ก 2561
100 0# - MAIN ENTRY--PERSONAL NAME
Personal name อาทร ริ้วไพบูลย์
245 ## - TITLE STATEMENT
Title การวิเคราะห์ต้นทุนในการพัฒนาระบบสุขภาพ =
Remainder of title Cost analysis in health systems development /
Statement of responsibility, etc. ผู้เขียน, อาทร ริ้วไพบูลย์.
250 ## - EDITION STATEMENT
Edition statement พิมพ์ครั้งที่ 1.
260 ## - PUBLICATION, DISTRIBUTION, ETC.
Place of publication, distribution, etc. กรุงเทพฯ :
Name of publisher, distributor, etc. ศักดิโสภาการพิมพ์,
Date of publication, distribution, etc. 2561.
300 ## - PHYSICAL DESCRIPTION
Extent 232 หน้า :
Other physical details ภาพประกอบ, ตาราง ;
Dimensions 26 ซม.
650 #4 - SUBJECT ADDED ENTRY--TOPICAL TERM
9 (RLIN) 3796
Topical term or geographic name entry element บริการทางการแพทย์
650 #4 - SUBJECT ADDED ENTRY--TOPICAL TERM
9 (RLIN) 36752
Topical term or geographic name entry element เศรษฐศาสตร์การแพทย์
650 #4 - SUBJECT ADDED ENTRY--TOPICAL TERM
9 (RLIN) 25266
Topical term or geographic name entry element สาธารณสุข
General subdivision แง่เศรษฐกิจ
850 ## - HOLDING INSTITUTION
Holding institution NALT
942 ## - ADDED ENTRY ELEMENTS (KOHA)
Source of classification or shelving scheme Library of Congress Classification
Koha item type General Book
Koha issues (borrowed), all copies 2
998 ## - LOCAL CONTROL INFORMATION (RLIN)
-- 8
-- นายบัณฑิต อุทาวงค์
รายการที่มีในห้องสมุด
Withdrawn status Lost status Source of classification or shelving scheme Damaged status Not for loan Collection code Home library Current library Date acquired Source of acquisition Cost, normal purchase price Total Checkouts Total Renewals Full call number Barcode Date last seen Date last checked out Cost, replacement price Price effective from Koha item type
    Library of Congress Classification     General Book collection National Assembly Library of Thailand National Assembly Library of Thailand 30/01/2019 1 225.00 2 2 RA 410.55.T5 อ619ก 2561 3961208986 16/01/2024 02/01/2024 250.00 30/01/2019 General Book
หอสมุดรัฐสภา
สำนักงานเลขาธิการสภาผู้แทนราษฎร เลขที่ 1111 ถนนสามเสน แขวงถนนนครไชยศรี เขตดุสิต กรุงเทพฯ 10300
The Secretariat of the House of Representatives 1111 Samsen Road, Thanon Nakhon Chai Si, Dusit, Bangkok 10300, THAILAND
โทรศัพท์: +66(0) 2242 5900 ต่อ 5714-5 โทรสาร: +66(0) 2242 5990 อีเมล: [email protected]